|
|
|
|
| LEADER |
00879nam a22002532a 4500 |
| 001 |
001162559 |
| 003 |
CZ BrMZK |
| 005 |
20111216130957.0 |
| 007 |
ta |
| 008 |
110809s1978 xv f er|||||||||||slv d |
| 040 |
|
|
|a DLC
|b cze
|c DLC
|d BOA001
|
| 041 |
0 |
|
|a slv
|b ita
|
| 080 |
9 |
|
|a 656.61(497.1 Slovinsko)"653"
|
| 100 |
1 |
|
|a Gestrin, Ferdo
|4 aut
|
| 245 |
1 |
0 |
|a Pomorstvo srednjeveškega Pirana /
|c Ferdo Gestrin
|
| 260 |
|
|
|a Ljubljana :
|b Slovenska akademija znanosti in umetnosti,
|c 1978
|
| 300 |
|
|
|a 146 s., příl.
|
| 490 |
1 |
|
|a Razred za zgodovinske in družbene vede. Dela ;
|v 21
|
| 546 |
|
|
|a Italské resumé
|
| 810 |
2 |
|
|a Slovenska akademija znanosti in umetnosti.
|b Razred za zgodovinske in družbene vede.
|t Dela
|
| 910 |
|
|
|a BOA001
|b 2-0806.384
|
| 990 |
|
|
|a BK
|
| 991 |
|
|
|b 201108
|
| 996 |
7 |
|
|b 2619426586
|c 2-0806.384
|l MZK
|r Sklad / do 1 hodiny
|n 0
|w 001195842
|u 000010
|a 1
|e BOA001
|j MZK50
|s A
|